| 000 | 00662nab a2200193 4500 | ||
|---|---|---|---|
| 001 | 244442 | ||
| 003 | OSt | ||
| 005 | 20250324103532.0 | ||
| 007 | tu | ||
| 008 | 200917s2020||||||| | ||
| 040 |
_aDE-2950 _cDE-2950 |
||
| 245 | 0 | 0 |
_aUmbau im City Park Hotel _bBauarbeiten. Aktuell läuft eine umfassende Modernisierung. Was alles geplant ist und wie sich das Gästehaus künftig stärker für alle Frankfurter öffnen will/ _cRené Matschkowiak |
| 264 | _c2024 | ||
| 653 | _aFrankfurt (Oder) | ||
| 653 | _aCity Park Hotel | ||
| 653 | _aModernisierung | ||
| 773 | 0 |
_g36. Jahrgang (2025) Nr. 67 vom 20.03.2025, S. 15 mit Foto _tMärkische Oderzeitung |
|
| 942 |
_2z _cA |
||
| 999 |
_c373658 _d373658 |
||